000 02403cam a22005054i 4500
003 PE-LiUPU
005 20250731184117.0
008 150706s2011 sp r 000 0 spa d
020 _a8473567897
020 _a9788473567893
035 _a(Sirsi) i9788473567893
040 _aPE-LiUPU
_bspa
_cPE-LiUPU
_erda
049 _aPRUA
082 0 4 _a863.7
_bU52
_221
100 1 _aUrcola Martiarena, Nerea,
_eautor.
245 1 0 _aHoy es siempre todavía :
_bporque la vida puede cambiar en un momento /
_cNerea Urcola Martiarena.
250 _a1a. edición.
264 1 _aPozuelo de Alarcón, Madrid :
_bESIC,
_c2011.
300 _a199 páginas ;
_c21 centimetros.
336 _atext
_2rdacontent
337 _aunmediated
_2rdamedia
338 _avolume
_2rdacarrier
490 0 _aDivulgación
505 0 _aViernes -- Sábado -- Domingo -- Lunes -- Martes -- Miércoles -- Jueves -- Viernes.
526 _aP145
526 _aP127
526 _aP97
526 _aP14
526 _aP07
541 _g045-0004363;
541 _g030-0014456;
541 _g030-0014456;
650 0 4 _aNovelas españolas.
910 _agl
_bjv
_cng
_d20121203
910 _adbm
_bncf
_cncf
_d20190423
942 _2ddc
_cBOOK
949 _a808.06 U52
_wDEWEY
_c1
_i65817
_lCCODEBUL1
_mBUL
_p14.00
_r0
_sY
_tBOOK
_u2015-7-6
_xFCE
_zAGB
_o.STAFF. Colección Ciencias Empresariales
949 _a808.06 U52
_wDEWEY
_c2
_i68129
_lCCODEBUL1
_mBUL
_p15.00
_r0
_sY
_tBOOK
_u2015-7-6
_xFCE
_PP04
_o.STAFF. Colección General
949 _a808.06 U52
_wDEWEY
_c3
_i68130
_lCCODEBUL1
_mBUL
_p15.00
_r0
_sY
_tBOOK
_u2015-7-6
_xFCE
_PP04
_o.STAFF. Colección General
994 _aC0
_bPEPRU
596 _a1
999 _a863.7 U52
_wDEWEY
_c54215
_i65817
_d54215
_e2017-9-10
_f2021-11-5
_g7
_lCCODEBUL1
_mBUL
_n6
_p14.00
_r0
_sY
_tBOOK
_u2015-7-6
_xBIBLIOTECA
_zAGB
_0COMPRA
_o.STAFF. Colección Ciencias Empresariales
999 _a863.7 U52
_wDEWEY
_c2
_i68129
_d2019-4-23
_e2017-10-30
_f2021-11-9
_g6
_lCCODEBUL1
_mBUL
_n7
_p15.00
_q2
_r0
_sY
_tBOOK
_u2015-7-6
_xEDUCACION
_PP04
_0COMPRA
_o.STAFF. Colección General
999 _a863.7 U52
_wDEWEY
_c3
_i68130
_d2019-4-23
_f2021-11-9
_g6
_lCCODEBUL1
_mBUL
_p15.00
_q2
_r0
_sY
_tBOOK
_u2015-7-6
_xEDUCACION
_PP04
_0COMPRA
_o.STAFF. Colección General
980 _81
_gALBERTO SANCHEZ Responsable de Automatización